| 000 | 00895nam2a22002411 4500 | ||
|---|---|---|---|
| 001 | RU\NLR\Per\736151 | ||
| 005 | 20250617184658.0 | ||
| 035 | _a(NLR Aleph) 002982752 | ||
| 090 |
_a4169508 _c4169508 |
||
| 100 | _a20110131d2010 |||y0rusy50 ca | ||
| 101 | 0 | _arus | |
| 102 | _aRU | ||
| 105 | _ay ||||000|y | ||
| 200 | 0 | _a2010, № 5 (72) [т.е. № 5 (71)] | |
| 210 |
_d2010 _aБ. м. |
||
| 461 | 0 |
_1001RU\NLR\INFOCOMM31\5000012721 _12001#$aСибирский учитель$eРегион. науч.-метод. журн.$v2010, № 5 (72) [т.е. № 5 (71)] _94487905 _cНовосибирск _d2000- _nБ. и. _oРегион. науч.-метод. журн. _tСибирский учитель _v2010, № 5 (72) [т.е. № 5 (71)] |
|
| 801 | 1 |
_aRU _bInfoComm _c20041103 |
|
| 801 | 0 |
_aRU _bNLR _gPSBO |
|
| 852 |
_aNLR _jП29/1010 |
||
| 942 | _cISSUE | ||
| 980 | _aNB | ||
| 980 | _aRUSPER | ||